Formula one drivers standings from each season (1995-2004) - Statistics

General Stats
  • This quiz has been taken 42 times
  • The average score is 166 of 257
Answer Stats
Constructor Driver Points % Correct
McLaren Kimi Räikkönen 45
100%
McLaren Kimi Räikkönen 91
100%
McLaren Kimi Räikkönen 24
100%
Sauber Kimi Räikkönen 9
100%
Ferrari Michael Schumacher 148
100%
Ferrari Michael Schumacher 93
100%
Ferrari Michael Schumacher 144
100%
Ferrari Michael Schumacher 123
100%
Ferrari Michael Schumacher 108
100%
Ferrari Michael Schumacher 44
100%
Ferrari Michael Schumacher 86
100%
Ferrari Michael Schumacher (78)
100%
Ferrari Michael Schumacher 59
100%
Benetton Michael Schumacher 102
100%
Williams Ralf Schumacher 24
100%
Williams Ralf Schumacher 58
100%
Williams Ralf Schumacher 42
100%
Williams Ralf Schumacher 49
100%
Williams Ralf Schumacher 24
100%
Williams Ralf Schumacher 35
100%
Jordan Ralf Schumacher 14
100%
Jordan Ralf Schumacher 13
100%
Renault Fernando Alonso 59
97%
Renault Fernando Alonso 55
97%
Minardi Fernando Alonso 0
97%
Renault Jacques Villeneuve 0
97%
BAR-Honda Jacques Villeneuve 6
97%
BAR-Honda Jacques Villeneuve 4
97%
BAR-Honda Jacques Villeneuve 12
97%
BAR-Honda Jacques Villeneuve 17
97%
BAR Jacques Villeneuve 0
97%
Williams Jacques Villeneuve 21
97%
Williams Jacques Villeneuve 81
97%
Williams Jacques Villeneuve 78
97%
Ferrari Rubens Barrichello 114
97%
Ferrari Rubens Barrichello 65
97%
Ferrari Rubens Barrichello 77
97%
Ferrari Rubens Barrichello 56
97%
Ferrari Rubens Barrichello 62
97%
Stewart Rubens Barrichello 21
97%
Stewart Rubens Barrichello 4
97%
Stewart Rubens Barrichello 6
97%
Jordan Rubens Barrichello 14
97%
Jordan Rubens Barrichello 11
97%
McLaren David Coulthard 24
91%
McLaren David Coulthard 51
91%
McLaren David Coulthard 41
91%
McLaren David Coulthard 65
91%
McLaren David Coulthard 73
91%
McLaren David Coulthard 48
91%
McLaren David Coulthard 56
91%
McLaren David Coulthard 36
91%
McLaren David Coulthard 18
91%
Williams David Coulthard 49
91%
BAR-Honda Jenson Button 85
91%
BAR-Honda Jenson Button 17
91%
Renault Jenson Button 14
91%
Benetton Jenson Button 2
91%
Williams Jenson Button 12
91%
McLaren Mika Häkkinen 37
91%
McLaren Mika Häkkinen 89
91%
McLaren Mika Häkkinen 76
91%
McLaren Mika Häkkinen 100
91%
McLaren Mika Häkkinen 27
91%
McLaren Mika Häkkinen 31
91%
McLaren Mika Häkkinen 17
91%
Jordan Damon Hill 7
89%
Jordan Damon Hill 20
89%
Arrows Damon Hill 7
89%
Williams Damon Hill 97
89%
Williams Damon Hill 69
89%
Renault/Toyota Jarno Trulli 46
89%
Renault Jarno Trulli 33
89%
Renault Jarno Trulli 9
89%
Jordan Jarno Trulli 12
89%
Jordan Jarno Trulli 6
89%
Prost Jarno Trulli 7
89%
Prost Jarno Trulli 1
89%
Prost/Minardi Jarno Trulli 3
89%
Williams Juan Pablo Montoya 58
89%
Williams Juan Pablo Montoya 82
89%
Williams Juan Pablo Montoya 50
89%
Williams Juan Pablo Montoya 31
89%
Sauber Giancarlo Fisichella 22
86%
Jordan Giancarlo Fisichella 12
86%
Jordan Giancarlo Fisichella 7
86%
Benetton Giancarlo Fisichella 8
86%
Benetton Giancarlo Fisichella 18
86%
Benetton Giancarlo Fisichella 13
86%
Benetton Giancarlo Fisichella 16
86%
Jordan Giancarlo Fisichella 20
86%
Minardi Giancarlo Fisichella 0
86%
Jaguar Eddie Irvine 8
80%
Jaguar Eddie Irvine 6
80%
Jaguar Eddie Irvine 4
80%
Ferrari Eddie Irvine 74
80%
Ferrari Eddie Irvine 47
80%
Ferrari Eddie Irvine 24
80%
Ferrari Eddie Irvine 11
80%
Jordan Eddie Irvine 10
80%
Sauber Felipe Massa 12
80%
Sauber Felipe Massa 4
80%
Sauber Heinz-Harald Frentzen 13
77%
Sauber/Arrows Heinz-Harald Frentzen 2
77%
Jordan/Prost Heinz-Harald Frentzen 6
77%
Jordan Heinz-Harald Frentzen 11
77%
Jordan Heinz-Harald Frentzen 54
77%
Williams Heinz-Harald Frentzen 17
77%
Williams Heinz-Harald Frentzen 42
77%
Sauber Heinz-Harald Frentzen 7
77%
Sauber Heinz-Harald Frentzen 15
77%
Jordan/Prost Jean Alesi 5
77%
Prost Jean Alesi 0
77%
Sauber Jean Alesi 2
77%
Sauber Jean Alesi 9
77%
Benetton Jean Alesi 36
77%
Benetton Jean Alesi 47
77%
Ferrari Jean Alesi 42
77%
Jaguar Mark Webber 7
77%
Jaguar Mark Webber 17
77%
Minardi Mark Webber 2
77%
BAR-Honda Takuma Sato 34
71%
BAR-Honda Takuma Sato 3
71%
Jordan Takuma Sato 2
71%
Jaguar Pedro de la Rosa 0
69%
Jaguar Pedro de la Rosa 3
69%
Arrows Pedro de la Rosa 2
69%
Arrows Pedro de la Rosa 1
69%
Toyota Olivier Panis 6
66%
Toyota Olivier Panis 6
66%
BAR-Honda Olivier Panis 3
66%
BAR-Honda Olivier Panis 5
66%
Prost Olivier Panis 2
66%
Prost Olivier Panis 0
66%
Prost Olivier Panis 16
66%
Ligier Olivier Panis 13
66%
Ligier Olivier Panis 16
66%
Benetton Gerhard Berger 27
63%
Benetton Gerhard Berger 21
63%
Ferrari Gerhard Berger 31
63%
Minardi Jos Verstappen 0
63%
Arrows Jos Verstappen 1
63%
Arrows Jos Verstappen 5
63%
Stewart Jos Verstappen 0
63%
Tyrrell Jos Verstappen 0
63%
Footwork Jos Verstappen 1
63%
Simtek Jos Verstappen 0
63%
McLaren Nigel Mansell 0
63%
Jaguar Johnny Herbert 0
60%
Stewart Johnny Herbert 15
60%
Sauber Johnny Herbert 1
60%
Sauber Johnny Herbert 15
60%
Sauber Johnny Herbert 4
60%
Benetton Johnny Herbert 45
60%
Toyota Mika Salo 2
60%
Sauber Mika Salo 6
60%
Ferrari/BAR Mika Salo 10
60%
Arrows Mika Salo 3
60%
Tyrrell Mika Salo 2
60%
Tyrrell Mika Salo 5
60%
Tyrrell Mika Salo 5
60%
Jordan Nick Heidfeld 3
60%
Sauber Nick Heidfeld 6
60%
Sauber Nick Heidfeld 7
60%
Sauber Nick Heidfeld 12
60%
Prost Nick Heidfeld 0
60%
Toyota Ricardo Zonta 0
51%
Jordan Ricardo Zonta 0
51%
BAR-Honda Ricardo Zonta 3
51%
BAR Ricardo Zonta 0
51%
Minardi Luca Badoer 0
49%
Forti Luca Badoer 0
49%
Minardi Luca Badoer 0
49%
Sauber Pedro Diniz 0
49%
Sauber Pedro Diniz 3
49%
Arrows Pedro Diniz 3
49%
Arrows Pedro Diniz 2
49%
Ligier Pedro Diniz 2
49%
Forti Pedro Diniz 0
49%
Jordan Martin Brundle 8
46%
Ligier Martin Brundle 7
46%
Jordan Timo Glock 2
46%
Benetton Alexander Wurz 2
43%
Benetton Alexander Wurz 3
43%
Benetton Alexander Wurz 17
43%
Benetton Alexander Wurz 4
43%
Williams Alessandro Zanardi 0
40%
Minardi Alex Yoong 0
40%
Minardi Alex Yoong 0
40%
Stewart Jan Magnussen 1
40%
Stewart Jan Magnussen 0
40%
McLaren Jan Magnussen 0
40%
Williams Marc Gené 0
40%
Williams Marc Gené 4
40%
Minardi Marc Gené 0
40%
Minardi Marc Gené 1
40%
Toyota Cristiano da Matta 3
37%
Toyota Cristiano da Matta 10
37%
Jaguar/Prost Luciano Burti 0
37%
Jaguar Luciano Burti 0
37%
Toyota Allan McNish 0
34%
Jordan Giorgio Pantano 0
34%
McLaren Mark Blundell 13
34%
Sauber Nicola Larini 1
34%
Minardi Tarso Marques 0
34%
Minardi Tarso Marques 0
34%
Minardi Tarso Marques 0
34%
Ligier Aguri Suzuki 1
31%
Jaguar Christian Klien 3
31%
Jaguar/Minardi Justin Wilson 1
31%
Minardi Zsolt Baumgartner 1
31%
Jordan Zsolt Baumgartner 0
31%
Arrows Enrique Bernoldi 0
29%
Arrows Enrique Bernoldi 0
29%
Prost Gastón Mazzacane 0
29%
Minardi Gastón Mazzacane 0
29%
Sauber Gianni Morbidelli 0
29%
Footwork Gianni Morbidelli 5
29%
Tyrrell Ricardo Rosset 0
29%
(Lola) Ricardo Rosset 0
29%
Footwork Ricardo Rosset 0
29%
Minardi Ukyo Katayama 0
29%
Tyrrell Ukyo Katayama 0
29%
Tyrrell Ukyo Katayama 0
29%
Minardi Anthony Davidson 0
26%
Williams Antônio Pizzonia 6
26%
Jaguar Antônio Pizzonia 0
26%
Minardi Gianmaria Bruni 0
26%
Forti Roberto Moreno 0
26%
Arrows Toranosuke Takagi 0
26%
Tyrrell Toranosuke Takagi 0
26%
Minardi Nicolas Kiesa 0
23%
Minardi Pierluigi Martini 0
23%
Jordan Ralph Firman 1
23%
Minardi Stéphane Sarrazin 0
23%
Forti Andrea Montermini 0
20%
Pacific Andrea Montermini 0
20%
Prost Tomáš Enge 0
20%
(Lola) Vincenzo Sospiri 0
20%
Pacific Bertrand Gachot 0
17%
Minardi Esteban Tuero 0
17%
Sauber Jean-Christophe Boullion 3
17%
Sauber Karl Wendlinger 0
17%
Sauber Norberto Fontana 0
17%
Minardi Pedro Lamy 0
17%
Minardi Pedro Lamy 1
17%
Minardi Shinji Nakano 0
17%
Prost Shinji Nakano 2
17%
Minardi Giovanni Lavaggi 0
14%
Pacific Giovanni Lavaggi 0
14%
Footwork Taki Inoue 0
14%
Tyrrell Gabriele Tarquini 0
11%
Simtek Domenico Schiattarella 0
9%
Pacific Jean-Denis Délétraz 0
9%
Footwork Massimiliano Papis 0
9%
(Larrousse) Éric Bernard 0
6%
(Larrousse) Christophe Bouchut 0
3%
No matching quizzes found
Score Distribution
Percent of People with Each Score
Percentile by Number Answered
Your Score History
You have not taken this quiz